Statistics for Formula 1 winners from the back of the grid

Click here to take the quiz!

General Stats

  • This quiz has been taken 121 times
  • The average score is 4 of 7

Answer Stats

Grand PrixGridDriver% Correct
1995 Belgium16thMichael Schumacher
96%
2005 Japan17thKimi Räikkönen
78%
2000 Germany18thRubens Barrichello
77%
1973 South Africa16thJackie Stewart
65%
1983 USA West22ndJohn Watson
51%
1982 USA East17thJohn Watson
51%
1954 Indianapolis19thBill Vukovich
23%

Score Distribution

Percentile by Number Answered

Percent of People with Each Score

Your Score History

You have not taken this quiz